សៀវភៅហ្វឹកហាត់ ភាសាខ្មែរ ថ្នាក់ទី១ / (Record no. 3629)
[ view plain ]
| 000 -LEADER | |
|---|---|
| fixed length control field | 01366nam a22002537a 4500 |
| 001 - CONTROL NUMBER | |
| control field | 3629 |
| 003 - CONTROL NUMBER IDENTIFIER | |
| control field | FISKH |
| 005 - DATE AND TIME OF LATEST TRANSACTION | |
| control field | 20240401093353.0 |
| 008 - FIXED-LENGTH DATA ELEMENTS--GENERAL INFORMATION | |
| fixed length control field | 240401b cb ||||| |||| 00| 0 eng d |
| 020 ## - INTERNATIONAL STANDARD BOOK NUMBER | |
| International Standard Book Number | 9789995001698 |
| 040 ## - CATALOGING SOURCE | |
| Original cataloging agency | FISKH |
| Language of cataloging | khr |
| Modifying agency | FISKH |
| Transcribing agency | FISKH |
| 050 ## - LIBRARY OF CONGRESS CALL NUMBER | |
| Classification number | PZ7 |
| 082 ## - DEWEY DECIMAL CLASSIFICATION NUMBER | |
| Classification number | 372.62 |
| 100 ## - MAIN ENTRY--PERSONAL NAME | |
| Personal name | Cheat, Ton |
| 245 ## - TITLE STATEMENT | |
| Title | សៀវភៅហ្វឹកហាត់ ភាសាខ្មែរ ថ្នាក់ទី១ / |
| 260 ## - PUBLICATION, DISTRIBUTION, ETC. | |
| Place of publication, distribution, etc. | ភ្នំពេញ : |
| Name of publisher, distributor, etc. | គ្រិះស្ថានបោះពុម្ពនិងចែកផ្សាយ, |
| Date of publication, distribution, etc. | ២០១៧. |
| 300 ## - PHYSICAL DESCRIPTION | |
| Extent | 120 pages : |
| Other physical details | illustrations ; |
| Dimensions | 21 cm |
| 520 ## - SUMMARY, ETC. | |
| Summary, etc. | សៀវភៅហ្វឹកហាត់នេះជាជំនួយដល់កុមារនៅក្នុងការរៀនសរសេរតួរអក្សរឡើងវិញក្រោមការណែនាំដោយផ្ទាល់ពីឪពុកម្ដាយ ឬអាណាព្យាបាលដើម្បីអោយកុមារឆាប់ងាយចាប់បាន។ |
| 520 ## - SUMMARY, ETC. | |
| Summary, etc. | This workbook helps children learn to rewrite letters under the direct guidance of a parent or guardian so that children can catch them easily. |
| 650 ## - SUBJECT ADDED ENTRY--TOPICAL TERM | |
| Topical term or geographic name entry element | សៀវភៅហ្វឹកហាត់ |
| 650 ## - SUBJECT ADDED ENTRY--TOPICAL TERM | |
| Topical term or geographic name entry element | Practice Book |
| 942 ## - ADDED ENTRY ELEMENTS (KOHA) | |
| Source of classification or shelving scheme | Dewey Decimal Classification |
| Koha item type | Khmer Books |
| Suppress in OPAC | No |
| Withdrawn status | Lost status | Source of classification or shelving scheme | Damaged status | Not for loan | Collection | Home library | Current library | Shelving location | Date acquired | Total Checkouts | Full call number | Barcode | Date last seen | Price effective from | Koha item type |
|---|---|---|---|---|---|---|---|---|---|---|---|---|---|---|---|
| Dewey Decimal Classification | Reference | Footprints International School Library Network Toul Kork Campus | Footprints International School Library Network Toul Kork Campus | TK Old Khmer Books (Rear Hallway Shelf 3) | 04/01/2024 | CHE 372.62 PZ7 | 2024-0425 | 04/01/2024 | 04/01/2024 | Khmer Books |
